000 00825nam a2200277 a 4500
003 AR-BaBNM
005 20251128205256.0
008 082120s2002 ||||||||||||||000 | spa||
020 _a987-99102-3-0
040 _cAR-BaBNM
110 1 _aArgentina
_bMinisterio de Relaciones Exteriores, Comercio Internacional y Culto
245 0 0 _aLa economía internacional
_btemas de estudio en la Argentina
250 _a1ª ed.
260 _aBuenos Aires
_bPegaso
_c1994
300 _a188 p.
_bgráfs.,láms.
650 4 _aCOMERCIO
650 4 _aPOLITICA DE DESARROLLO
650 4 _aFINANZAS
650 4 _aTRABAJO Y EMPLEO
650 4 _aTEORIA ECONOMICA
650 4 _aPLANIFICACION Y ADMINISTRACION ECONOMICA
653 _aECONOMIA POLITICA
700 1 _aDi Tella, Guido
_eprologuista
942 _cBK
998 _cmariana
999 _c10695
_d10695